=LDR 00000nam 2200000 4500 =001 INLIS000000000002565 =005 20130612090907 =008 ***********************************Ind** =035 ##$$0010-061300000002565 =041 ##$$a Ind =082 ##$$a 616.95 =090 ##$$a 616.95, Pen =245 ##$$a Penyakit menular seksual, Editor,Marwali Harahap =260 ##$$a 1990 $b Jakarta =300 ##$$a x,175 hlm, ilus, 21 cm =650 ##$$a Penyakit Kelamin =700 ##$$a Harahap,Marwali =850 ##$$a NBPNMAT